History Quiz

Random History Quiz

Presidents #1-30 Quiz Stats

 Plays Quiz not verified by Sporcle

Score 0/30 Timer 19:00
0 Plays Today
Year President % Correct
1789-1797George Washington
100%
1797-1801John Adams
87.5%
1801-1809Thomas Jefferson
87.5%
1807-1917James Madison
87.5%
1817-1825James Monroe
87.5%
1825-1829John Quincy Adams
87.5%
1829-1837Andrew Jackson
87.5%
1837-1841Martin Van Buren
87.5%
1841William Henry Harrison
87.5%
1841-1845John Tyler
87.5%
1849-1850Zachary Taylor
87.5%
1850-1853Millard Fillmore
87.5%
1853-1857Franklin Pierce
87.5%
1857-1861James Buchanan
87.5%
1861-1865Abraham Lincoln
87.5%
Year President % Correct
1865-1869Andrew Johnson
87.5%
1869-1877Ulysses S. Grant
87.5%
1877-1881Rutherford B Hayes
87.5%
1881James A Garfield
87.5%
1881-1885Chester A. Arthur
87.5%
1885-1889Grover Cleveland
87.5%
1889-1893Benjamin Harrison
87.5%
1893-1897Grover Cleveland
87.5%
1897-1901William McKinley
87.5%
1901-1909Theodore Roosevelt
87.5%
1909-1913William Howard Taft
87.5%
1913-1921Woodrow Wilson
87.5%
1921-1923Warren G. Harding
87.5%
1923-1929Calvin Coolidge
87.5%
1845-1849James Knox Polk
62.5%

You're not logged in!

Compare scores with friends on all Sporcle quizzes.
OR
Log In

Sporcle TV

Today on Sporcle TV


Watch our educational content, quiz creation guides, and fun videos on Sporcle TV.

Show Comments

Extras

Created Sep 17, 2019ReportNominate
Tags:Party, President

Top Quizzes Today


Score Distribution

Your Account Isn't Verified!

In order to create a playlist on Sporcle, you need to verify the email address you used during registration. Go to your Sporcle Settings to finish the process.

Report this User

Report this user for behavior that violates our Community Guidelines.

Details: